Data analysis methods in physical oceanography

Αποθηκεύτηκε σε:
Λεπτομέρειες βιβλιογραφικής εγγραφής
Κύριος συγγραφέας: Emery, William J.
Άλλοι συγγραφείς: Thompson, Richard E.
Μορφή: Βιβλίο
Γλώσσα:English
Δημοσίευση: Amsterdam; New York : Elsevier, 2001
Έκδοση:2nd ed., rev.
Θέματα:
Ετικέτες: Προσθήκη ετικέτας
Δεν υπάρχουν, Καταχωρήστε ετικέτα πρώτοι!

MARC

LEADER 00000nam a2200000 i 4500
001 1/48344
008 070717s2001 eng d
020 |a 0-444-50757-4 
035 |l 10088889 
040 |a GR-MY-UA  |b gre  |e aacr 
041 0 |a eng 
082 0 |a 551.46  |2 (22) 
100 1 |a Emery, William J. 
245 1 0 |a Data analysis methods in physical oceanography /  |c William J. Emery and Richard E. Thomson 
250 |a 2nd ed., rev.  
260 |a Amsterdam; New York :   |b Elsevier,   |c 2001 
300 |a xvi, 638 σ.;  |b εικ.;  |c 25 εκ. 
504 |a Περιέχει βιβλιογραφία (σ. [597]-619) και ευρετήριο 
650 0 0 |a Oceanography  |x Observations  |x Data processing. 
650 0 0 |a Oceanography  |x Research  |x Data processing. 
700 1 |a Thompson, Richard E. 
852 |a INST  |b LESVOS  |e 20070717  |h 551.46 EME  |p 005100041386  |q 005100041386  |t BK  |y 0 
901 |a BIBL1-2007-2 
909 |a Λ  |b 135734 
922 |a 1ΕΛΗ  |b 200706  |c ΕΠΕΑΕΚ2/ΤΕΘ  |d ΠΑΠΑΣΩΤΗΡΙΟΥ 
970 |a ΚΑΡΑ  |b ΓΙΑΣΕΜΗ  |z 2007/07/17